Memoria de Salamanca 80 : con motivo del décimo aniversario del noticiero 24 horas /

Guardado en:
Detalles Bibliográficos
Autor corporativo: Encuentro Salamanca 80 ( Salamanca, España)
Otros autores: Latorre Cabal, Hugo (presentación) (presentación)
Formato: Procedimiento de la conferencia Libro
Idioma:Español
Publicado: México : Televisa, 1981, c1981
Etiquetas: Agrega una etiqueta
Sin etiquetas, Sé el primero en etiquetar este registro!

MARC

LEADER 00000nam^a2200000^a^4500
001 000452787
005 20250526000000.0
009 20260310123845.361
037 |a Acervo Xavier Clavigero 
041 |a ESP 
091 |a FCA. 04246 
111 |a Encuentro Salamanca 80 (  |d 1980 :  |c Salamanca, España) 
245 1 0 |a Memoria de Salamanca 80 :  |b con motivo del décimo aniversario del noticiero 24 horas / 
264 4 |a México :  |b Televisa,  |c 1981, c1981 
300 |a 276 p. ;  |c 27.0 cm. 
336 |a texto  |b txt  |2 rdacontenido 
337 |a sin mediación  |b n  |2 rdamedio 
338 |a volumen  |b nc  |2 rdasoporte 
649 |a XX 
700 |a Latorre Cabal, Hugo  |e (presentación) 
910 |a Fondo Xavier Cacho Vázquez S.J. 
920 |a Impresos - Libros 
930 |a Libros Antiguos y Raros 
905 |a 108 
901 |a 0500377783  |b IT2  |c LRA  |u 20250526 
902 |a https://opac.biblio.iteso.mx/vufind/Record/000452787